Devine le personnage Harry Potter - Statistiques

Statistiques générales
  • Ce quiz a été pris 144 fois
  • Le résultat moyen est 13 sur 30
Statistiques - réponses
Description Réponse % Correct
Avant moi, Arthur et Molly ont eu six fils Ginny Weasley
84%
Mon père était un très petit homme mais ma mère... une géante! Hagrid
76%
Je suis l'aîné de sept enfants et le père de trois Bill Weasley
74%
Mes parents sont dentistes Hermione Granger
73%
Je tiens mon deuxième prénom de mon père, Perceval Albus Dumbledore
69%
Je suis le petit-fils d'Augusta Neville Londubat
65%
J'ai tué mon propre père Tom Jedusor / Voldemort
60%
Je suis le fils cadet d'Orion et Walburga Black Regulus Black
56%
Je suis la fille aînée d'un Weasley et d'une française Victoire Weasley
55%
Ma mère était Prince et mon père un moldu Severus Rogue
54%
Ma mère s'appelait Pandora, elle est morte quand j'avais 9 ans Luna Lovegood
53%
Je suis le dernier fils issu d'une lignée de sang pur considérés comme traitre à leur sang Ron Weasley
53%
Je suis coincée entre mes soeurs Bellatrix Lestrange et Narcissa Malefoy Andromeda Tonks
50%
Je suis l'héritier de deux très vieilles familles de sang pur Drago Malefoy
46%
Mes grands-parents s'appelaient Fleamont et Euphemia Harry Potter
41%
Ma mère a attendu d'être mariée avec mon père avant de lui annoncer qu'elle était une sorciere Seamus Finnigan
39%
Je ressemble sans doute à mon père mais je suis métamorphomage comme ma mère Teddy Lupin
38%
Ma mère travaille au Ministère et Ombrage fait pression sur moi en menaçant de lui faire perdre son emploi Cho Chang
36%
J'ai les cheveux roux comme ma mère et comme ma grand-mère dont je porte le prénom Lily Luna Potter
34%
Mère de deux fils et d'une fille, j'ai vu mon mari être emprisonné et je me suis occupée de ma fille jusqu'à mon dernier souffle Kendra Dumbledore
33%
Fruit d'un amour défendu par la famille de mère, m'a tante ma tué Nymphadora Tonks
33%
Je porte le même prénom que ma grand mère paternelle mais je ne suis pas Lily Molly Weasley
31%
Mes parents étaient cousins Sirius Black
30%
Je suis la tante de la famille Weasley Tante Muriel
28%
L'un des derniers descendants de Serpentard, j'ai eu deux enfants Elvis Marvolo Gaunt
27%
Je suis la fille aînée de Druella Rosier et Cygnus Black III Bellatrix Black
23%
Je suis le fils de Lyall et Hope Howell Remus Lupin
23%
Je suis le petit-neveu de Bathilda Tourdesac Gellert Grindelwald
21%
Mes deux frères sont morts durant la première guerre Molly Prewett
21%
Mon père travaille au service de contrôle et de régulation des créatures magiques Cedric Diggory
20%
Aucun quiz correspondant
Distribution des résultats
% des personnes avec chaque résultat
Percentile par nombre de réponses
Votre historique - résultats
Vous n’avez pas pris ce quiz